Một thời hoa lữa

Spremljeno u:
Bibliografski detalji
Autor kompanije: Đài truyền hình Việt Nam
Format: Knjiga
Jezik:Undetermined
Izdano: Thành phố Hồ Chí Minh Trẻ 2005
Teme:
Oznake: Dodaj oznaku
Bez oznaka, Budi prvi tko označuje ovaj zapis!
Thư viện lưu trữ: Trung tâm Học liệu Trường Đại học Cần Thơ
LEADER 00560nam a2200193Ia 4500
001 CTU_100972
008 210402s9999 xx 000 0 und d
020 |c 48000 
082 |a 920.03 
082 |b Đ103 
110 |a Đài truyền hình Việt Nam 
245 0 |a Một thời hoa lữa 
245 0 |c Đài truyền hình Việt Nam 
260 |a Thành phố Hồ Chí Minh 
260 |b Trẻ 
260 |c 2005 
650 |a Biography, genealogy 
904 |i Hiếu 
980 |a Trung tâm Học liệu Trường Đại học Cần Thơ